| 000 | 00814nam a2200265 a 4500 | ||
|---|---|---|---|
| 001 | 75176 | ||
| 003 | BD-RjUL | ||
| 005 | 20211209082645.0 | ||
| 008 | 190129s1973 nyua b 001 0 eng | ||
| 020 | _a0471198951 | ||
| 035 | _a(BD-RjUL)75394 | ||
| 040 |
_aDLC _cDLC _dDLC _dBD-RjUL _beng |
||
| 041 | _aeng | ||
| 082 | 0 | 0 |
_2232 _a550.72 _bDAS 1973 |
| 100 | 1 |
_aDavis, John C. _9227475 |
|
| 245 | 1 | 0 |
_aStatistics and data analysis in geology / _c[by] John C. Davis. With Fortran programs by Robert J. Sampson. |
| 260 |
_aNew York : _bWiley, _cc1973 |
||
| 300 |
_axiii, 550 p. : _billus.; _c24 cm. |
||
| 504 | _aIncludes bibliographies. | ||
| 650 | 0 |
_aGeology _xData processing. _9227476 |
|
| 650 | 0 |
_aGeology _xStatistical methods. _9227477 |
|
| 942 |
_2ddc _cBK |
||
| 999 |
_c75176 _d75176 |
||